000 00402nam a2200133Ia 4500
003 GCL
008 140319s9999 xx 000 0 ara d
040 _aGCL /
_cGCL
082 0 4 _a614.5999
_bس ب
100 1 _aسعيد محمد الحفار
245 1 0 _aالبيئة والاورام علم السرطان البيئى الوقائى /
_cسعيد محمد الحفار
300 _a528 ص
490 _a
999 _c37795
_d37795